Missing Word: 2006 Movies Quiz Stats

 Plays Quiz Updated Jul 19, 2012

Support Sporcle.
Go Orange.
Score 0/20 Timer 03:00
0 Plays Today
Hint Answer % Correct
The Da Vinci _____Code
98%
The Devil Wears _____Prada
97.4%
Snakes on a _____Plane
94.2%
Night at the _____Museum
91.8%
X-Men 3: The _____ StandLast
91%
Little Miss _____Sunshine
89.6%
The Hills Have _____Eyes
89.5%
V for _____Vendetta
88.5%
_____ ViceMiami
85.2%
The _____ of HappynessPursuit
78.1%
Hint Answer % Correct
The Last _____ of ScotlandKing
76.4%
_____ the HedgeOver
75.6%
Stranger Than _____Fiction
73.8%
_____ DiamondBlood
72.5%
She's the _____Man
63.4%
An _____ TruthInconvenient
48.1%
_____ & IsoldeTristan
47.4%
Lady in the _____Water
37.7%
_____ of MenChildren
37.3%
The _____ HouseLake
25.9%

Today's Daily Dose

Missing Word
'80s Musicals

Word Ladder
Hereditary

Get the Picture
Food Names

From the Vault

Where Is That 'I' or 'J' City?

by geronimostilton

It's probably on Earth, somewhere.
Remove Ads.
Support Sporcle.
Get the best of Sporcle when you Go Orange. This ad-free experience offers more features, more stats, and more fun while also helping to support Sporcle. Thank you for becoming a member.

Show Comments

Extras

Top Quizzes Today


Score Distribution

Your Account Isn't Verified!

In order to create a playlist on Sporcle, you need to verify the email address you used during registration. Go to your Sporcle Settings to finish the process.

Report this User

Report this user for behavior that violates our Community Guidelines.

Details: